000 00769nam a2200229 a 4500
001 000013742
003 DO-SdBNP
005 20230308125425.0
008 091130s2001 dr a 000 0 spa d
040 _aDO-SdBNP
_bspa
_cBNPHU
049 _aBNPD
082 _a598.97
_bS211m
100 1 _aSánchez R., María Teresa,
_d1968-
_931195
245 1 0 _aMis amigas las lechuzas /
_cMaría Teresa Sánchez R. ; prólogo Víctor Antonio Estrella R.
260 _aSanto Domingo :
_bLetra Gráfica,
_c2001.
300 _a66 p. :
_bil. ;
_c23 cm.
500 _aIncluye datos biográficos de la autora en la solapa de la cubierta.
650 4 _aBúhos
_931196
650 4 _aAves nocturnas
_931197
700 1 _aEstrella R., Víctor Antonio,
_epról.
_931198
942 _2ddc
_cLBS1
999 _c13355
_d13355